000 00619nam a2200241Ia 4500
003 OSt
005 20221005074255.0
006 a|||||r|||| 00| 0
007 ta
008 221004b |||||||| |||| 00| 0 eng d
024 _a59981
037 _cTextual
040 _aCRL
_cCRL
_beng
041 _2eng
_aeng
082 _aV2:3(Q).N7, M4
100 _aChatterji P C
245 0 _aSecular values for secular India
260 _aNew Delhi
_bLola Chatterji
_c1984
300 _a348p.
_ccm.
650 _aHISTORY
942 _hV2:3(Q).N7, M4
_cTEXL
_2cc
999 _c982451
_d982451